000 00463nam a2200193Ia 4500
003 0100
005 20161205114559.0
008 130303s9999 xx 000 0 und d
040 _cARRUPELIB
050 _aBP64.Z55M36 1983
100 _aMandivenga, Ephraim C
_927919
245 _aIslam in Zimbabwe
260 _aGweru
260 _bMambo Press
300 _a81p.
300 _b 23 cm
650 _aIslam
_zZimbabwe
_927920
942 0 0 _01
_2lcc
_cMONOGRAPH
999 _c24518
_d24518